USA:s Delstater - Statistics

General Stats
  • This quiz has been taken 352 times
  • The average score is 29 of 50
Answers on the Map
Answers color-coded by a green-red scale on the quiz's map according to % correct below.
 
Answer Stats
Delstater % Correct
Alaska
95%
Texas
90%
Florida
87%
Hawaii
87%
New York
87%
Alabama
83%
Washington
78%
North Dakota
70%
Arizona
69%
Kalifornien
69%
New Mexico
69%
Ohio
67%
South Dakota
67%
North Carolina
65%
Idaho
63%
Kansas
63%
Nevada
62%
Mississippi
61%
Arkansas
60%
Colorado
60%
South Carolina
60%
Georgia
58%
Maine
58%
Montana
58%
Utah
58%
Minnesota
55%
Michigan
54%
Illinois
52%
Kentucky
50%
Nebraska
50%
Indiana
49%
New Hampshire
49%
New Jersey
49%
Oklahoma
49%
Tennessee
49%
Louisiana
47%
Virginia
47%
Oregon
46%
Delaware
44%
Iowa
44%
Pennsylvania
44%
West Virginia
41%
Wyoming
41%
Maryland
39%
Rhode Island
39%
Missouri
38%
Wisconsin
38%
Vermont
37%
Connecticut
36%
Massachusetts
34%
No matching quizzes found
Score Distribution
Percent of People with Each Score
Percentile by Number Answered
Your Score History
You have not taken this quiz